| 000 | 01136aab a2200241 i 4500 | ||
|---|---|---|---|
| 001 | 768714001 | ||
| 003 | CO-MdFUSB | ||
| 005 | 20240802115311.0 | ||
| 008 | 240802t1994 -us||||| |||| 00| 0 eng d | ||
| 040 |
_bspa _cCO-MdFUSB |
||
| 041 | _aeng | ||
| 100 | 1 |
_aBundy, David _eautor |
|
| 245 | 4 |
_aThe legacy of William Taylor _c/ David Bundy |
|
| 520 | _aWilliam Taylor (1821-1902) es una figura prominente en la historia de las misiones metodistas. Durante su carrera como misionero, que comenzó con su nombramiento como misionero en California en 1849 y terminó con su retiro en 1896, Taylor, más que ningún otro, fue responsable de la extensión de la Iglesia Metodista Episcopal más allá de las fronteras de Europa y América del Norte | ||
| 546 | _aTexto en inglés. | ||
| 650 | 7 |
_aMisioneros _9931 |
|
| 650 | 0 |
_aBiografías cristianas _91238 |
|
| 650 | 7 |
_aAntropología cultural y social _96714 |
|
| 650 | 0 |
_aEvangelización _9362 |
|
| 773 | 0 |
_tInternational Bulletin _049483 _961014 _gVolumen 18, (número 3, 1999), páginas: 172 - 176 _qpágina: 172 |
|
| 942 | _cANA | ||
| 945 | _aCatherine Arias Álvarez - Practicante SENA | ||
| 999 |
_c57460 _d57460 |
||